Rotherham United Trivia - Statistics

General Stats
  • This quiz has been taken 4 times
  • The average score is 9 of 16
Answer Stats
Question Answer % Correct
What is the name of Rotherham United’s stadium? AESSEAL New York Stadium
100%
With which clubs does Rotherham United contest the South Yorkshire Derby? Barnsley
75%
With which clubs does Rotherham United contest the South Yorkshire Derby? Doncaster Rovers
75%
Who is the current manager of Rotherham United? Matt Hamshaw
75%
Who is Rotherham United’s record signing, arriving from Exeter City for £1m in 2023? Sam Nombe
75%
What is the stage name of comedians Barry and Paul Elliott, lifelong Rotherham United fans who were made honorary presidents of the club in 2007? The Chuckle Brothers
75%
What is Rotherham United’s nickname? The {Millers}
75%
Who is Rotherham United’s record sale, joining Cardiff City for £1.6m in 2017? Danny Ward
50%
Who was the most recent captain of Rotherham United? Jonson Clarke-Harris
50%
From 1925 until 2008, Rotherham United played at which ground? Millmoor Ground
50%
Who won promotion with Rotherham United as a player in 1981 before returning as manager and achieving a further two successive promotions in 2000 and 2001? Ronnie Moore
50%
Rotherham United was founded in 1877 under what name? Thornhill FC
50%
Which team did Rotherham United face in the inaugural Football League Cup Final in 1961? Aston Villa
25%
Who scored a brace as Rotherham United beat Shrewsbury Town 2-1 in the 1996 Auto Windscreens Shields Trophy Final? Nigel Jemson
25%
Which Englishman is Rotherham United’s record appearance-maker with 494? Paul Hurst
25%
Which Englishman is Rotherham United’s record goalscorer with 138? Jack Shaw
0%
No matching quizzes found
Score Distribution
Percent of People with Each Score
Percentile by Number Answered
Your Score History
You have not taken this quiz